Connecticut A-Z - Statistics

General Stats
  • This quiz has been taken 111 times
  • The average score is 17 of 26
Answer Stats
Hint Answer % Correct
H Capital of Connecticut Hartford
94%
R Connecticut's smaller neighbor to the east Rhode Island
92%
Y World-renowned New Haven university Yale University
92%
G Wealthy coastal town that shares its name with UK "Mean Time" Greenwich
88%
V Fellow New England state separated from New Hampshire by the Connecticut River Vermont
88%
O "Charter" tree that features on state quarter Charter Oak
87%
N Spice of Connecticut's unofficial state nickname fame Nutmeg
86%
B Most populous city in Connecticut and fifth in New England Bridgeport
85%
L Body of water named after the landmass to the state's south Long Island Sound
75%
E First name of the cotton gin's inventor, from New Haven Eli Whitney
72%
W American dictionary writer, born in West H and lived in New Haven Noah Webster
70%
T Author Samuel Clemens' pen name, lived in H Mark Twain
68%
D "Hat City," the state's 7th largest and home to WCSU Danbury
65%
P "Religious" and "meditative" bug, the state insect Praying mantis
64%
A Native American language family from which the state's name derives Algonquian
61%
J First two initials of H-born investment banker and namesake banking firm JP Morgan
57%
S Abolitionist and writer of Uncle Tom's Cabin, born in Litchfield Harriet Beecher Stowe
57%
Q Name of one Connecticut Native tribe; one name is shared with a river and university Quinnipiac (or Quiripi)
56%
M Family Guy and American Dad! creator, born in Kent Seth MacFarlane
54%
Z Beardsley place in B, started with "18 birds and... Barnum circus retirees" Beardsley Zoo
53%
K First name of H-born, four-time Oscar-winning actress in The Lion in Winter and On Golden Pond Katharine Hepburn
45%
U Home of the Mohegan tribe and the Mohegan Sun Arena and casino Uncasville
44%
C Author of the Hunger Games, from H Suzanne Collins
43%
F Brand name of Y students' pie-tin-throwing fame Frisbee
33%
X Sponsored name of the arena home to UConn's men's hockey team XL Center
26%
I Famous American composer, from D Charles Ives
18%
No matching quizzes found
Score Distribution
Percent of People with Each Score
Percentile by Number Answered
Your Score History
You have not taken this quiz